000 00329nam a2200157Ia 4500
008 240830s1940 xx 000 0 und d
041 _ahin
082 _a1
100 _aSHIVNARAYAN
245 _aSANKYAKARIKA
250 _a1
260 _bN.D.
_c1940
300 _a100p
906 _aSANKYAKARIKA
999 _c1183896
_d1183896